COMPUTER SCIENCE DISTILLED (Record no. 33357)

MARC details
000 -LEADER
fixed length control field 00357nam a22001697a 4500
003 - CONTROL NUMBER IDENTIFIER
control field SGT
020 ## - INTERNATIONAL STANDARD BOOK NUMBER
International Standard Book Number 9780997316025
082 ## - DEWEY DECIMAL CLASSIFICATION NUMBER
Classification number 004,FIL
100 ## - MAIN ENTRY--PERSONAL NAME
Personal name FILHO, W.F.
245 ## - TITLE STATEMENT
Title COMPUTER SCIENCE DISTILLED
250 ## - EDITION STATEMENT
Edition statement 1st
260 ## - PUBLICATION, DISTRIBUTION, ETC. (IMPRINT)
Place of publication, distribution, etc CODE ENERGY
Year of Publication 2023
300 ## - PAGE DESCRIPTION
No. of Pages 172
650 ## - SUBJECT ADDED ENTRY--TOPICAL TERM
Topical term or geographic name as entry element COMPUTER SCIENCE
942 ## - ADDED ENTRY ELEMENTS (KOHA)
Source of classification or shelving scheme Dewey Decimal Classification
Koha item type Books
Holdings
Withdrawn status Lost status Source of classification or shelving scheme Damaged status Use restrictions Not for loan Collection code Home library Current library Shelving location Date acquired Vendor Name Cost, normal purchase price SGTU Bill Number Full call number Accession No. (Barcode) Date last seen Bill Date Koha item type Total Checkouts Date last borrowed
    Dewey Decimal Classification   Restricted Access Not For Loan ENGINEERING SGT Engineering Library SGT Engineering Library Reference Book 15/01/2026 BRIJWASI BOOK DISTRIBUTORS 2880.00 SGTU IN/BW/000400 004,FIL FE9500 15/01/2026 10/01/2026 Books    
    Dewey Decimal Classification       ENGINEERING SGT Engineering Library SGT Engineering Library Text Book 15/01/2026 BRIJWASI BOOK DISTRIBUTORS 2880.00 SGTU IN/BW/000400 004,FIL FE9501 26/03/2026 10/01/2026 Books 1 10/03/2026
    Dewey Decimal Classification       ENGINEERING SGT Engineering Library SGT Engineering Library Text Book 15/01/2026 BRIJWASI BOOK DISTRIBUTORS 2880.00 SGTU IN/BW/000400 004,FIL FE9502 15/01/2026 10/01/2026 Books    
    Dewey Decimal Classification       ENGINEERING SGT Engineering Library SGT Engineering Library Text Book 15/01/2026 BRIJWASI BOOK DISTRIBUTORS 2880.00 SGTU IN/BW/000400 004,FIL FE9503 15/01/2026 10/01/2026 Books    
    Dewey Decimal Classification       ENGINEERING SGT Engineering Library SGT Engineering Library Text Book 15/01/2026 BRIJWASI BOOK DISTRIBUTORS 2880.00 SGTU IN/BW/000400 004,FIL FE9504 24/02/2026 10/01/2026 Books 1 12/02/2026
    Dewey Decimal Classification       ENGINEERING SGT Engineering Library SGT Engineering Library Text Book 15/01/2026 BRIJWASI BOOK DISTRIBUTORS 2880.00 SGTU IN/BW/000400 004,FIL FE9505 15/01/2026 10/01/2026 Books    
    Dewey Decimal Classification       ENGINEERING SGT Engineering Library SGT Engineering Library Text Book 15/01/2026 BRIJWASI BOOK DISTRIBUTORS 2880.00 SGTU IN/BW/000400 004,FIL FE9506 15/01/2026 10/01/2026 Books    
    Dewey Decimal Classification       ENGINEERING SGT Engineering Library SGT Engineering Library Text Book 15/01/2026 BRIJWASI BOOK DISTRIBUTORS 2880.00 SGTU IN/BW/000400 004,FIL FE9507 15/01/2026 10/01/2026 Books